حالة إنكار حرب بوش / (Record no. 24890)
[ view plain ]
| 000 -الفاتح | |
|---|---|
| حقل البيانات ثابتة الطول | 01715nam a2200373 i 4500 |
| 003 - محدد رقم الضبط | |
| رقم الضبط | EG-ScBUE |
| 005 - وقت وتاريخ اخر تعامل مع التسجيلة | |
| رقم الضبط | 20240204141322.0 |
| 008 - عناصر البيانات ثابتة الطول - معلومات عامة | |
| حقل البيانات ثابتة الطول | 170517s2008 su f b 000 00 ara d |
| 017 ## - رقم الإيداع القانونى | |
| رقم الإيداع القانونى | 1429 / 18 |
| 020 ## - الرقم الدولى المعيارى للكتب | |
| الرقم الدولى المعيارى للكتاب | 9789960543895 |
| 040 ## - مصدر الفهرسة | |
| وكالة الفهرسة الأصلية | EG-ScBUE |
| لغة الفهرسة | ara |
| قواعد الوصف | rda |
| وكالة النسخ | EG-ScBUE |
| وكالة التعديل | EG-ScBUE |
| 041 1# - رمز اللغة | |
| رمز لغة النص/ المسارات الصوتية أو العنوان الانفرادي | ara |
| رمز لغة الترجمات و/او الاصلية المتوسطة للنص | eng |
| 043 ## - رمز المنطقة الجغرافية | |
| رمز المنطقة الجغرافية | n-us--- |
| 082 04 - رقم تصنيف ديوى العشرى | |
| رقم التصنيف | 973.931092 |
| رقم المادة | و و د |
| رقم الطبعة | 22 |
| 100 1# - المدخل الرئيسى - إسم شخصى | |
| الإسم الشخصى | وودوارد، بوب، |
| التواريخ المصاحبة للاسم | 1943- |
| الدور | مؤلف. |
| 240 10 - العنوان الموحد | |
| عنوان موحد | State of denial : bush at war, part III. |
| لغة العمل | Arabic |
| 245 10 - بيان العنوان | |
| العنوان | حالة إنكار حرب بوش / |
| بيان المسئوليه,etc | بوب ودورد ؛ نقلة إلى العربية فاضل جتكر. |
| 250 ## - بيان الطبعة | |
| بيان الطبعة | الطبعة العربية الأولى. |
| 264 #1 - النشر، التوزيع | |
| مكان الناشر او الموزع | الرياض : |
| اسم الناشر او الموزع | العبيكان للنشر، |
| تاريخ النشر أو التوزيع | 2008. |
| 300 ## - الوصف المادى | |
| التعداد | 640 صفحة ؛ |
| أبعاد الوعاء | 24 سم |
| 336 ## - نوع المحتوى | |
| source | rdacontent |
| Carrier Type Term | نص |
| Content Type Code | txt |
| 337 ## - نوع الوسيط | |
| Media Type Term | بدون وسيط |
| source | rdamedia |
| Media Type Code | n |
| 338 ## - نوع الحامل أو الناقل | |
| Carrier Type Term | مجلد |
| Carrier Type Code | nc |
| source | rdacarrier |
| 504 ## - تبصرة ببليوجرافية | |
| تبصرة ببليوجرافية,الخ | يشتمل على إرجاعات ببليوجرافية. |
| 546 ## - تبصرة اللغة | |
| تبصرة اللغة | النص باللغة العربية ؛ مترجم من اللغة الإنجليزية. |
| 651 #7 - المدخل الاضافى بالموضوع - اسم جغرافى | |
| مصدر الرأس أو المصطلح | BUEsh |
| الاسم الجغرافي | الولايات المتحدة الأمريكية |
| التقسيم الفرعي العام | علاقات خارجية |
| التقسيم الفرعي الجغرافي | العراق |
| التقسيم الفرعي الزمني | جورج واكر بوش، 2001-2009. |
| 651 #7 - المدخل الاضافى بالموضوع - اسم جغرافى | |
| مصدر الرأس أو المصطلح | BUEsh |
| الاسم الجغرافي | العراق |
| التقسيم الفرعي العام | علاقات خارجية |
| التقسيم الفرعي الجغرافي | الولايات المتحدة الأمريكية |
| 651 #7 - المدخل الاضافى بالموضوع - اسم جغرافى | |
| مصدر الرأس أو المصطلح | BUEsh |
| الاسم الجغرافي | الولايات المتحدة الأمريكية |
| التقسيم الفرعي العام | سياسة وحكومة |
| التقسيم الفرعي الزمني | جورج واكر بوش، 2001-2009. |
| 651 #7 - المدخل الاضافى بالموضوع - اسم جغرافى | |
| مصدر الرأس أو المصطلح | BUEsh |
| الاسم الجغرافي | العراق |
| التقسيم الفرعي العام | تاريخ |
| التقسيم الفرعي الزمني | الاحتلال الأمريكي، 2003-2011. |
| 653 ## - مصطلح تكشيفى غير مقيد | |
| Resource For college | Generalities |
| Arrived date list | May2017 |
| 655 ## - مصطلح تكشيفى-نوع/شكل | |
| التقسيم الفرعي الشكلي | Reading book |
| 700 1# - المدخل الاضافى - اسم شخصى | |
| الإسم الشخصى | جتكر، فاضل، |
| الدور | مترجم. |
| 942 ## - عناصر المدخل الإضافي( كوها) | |
| مصدر التصنيف او مخطط الترفيف | Dewey Decimal Classification |
| حالة التراجع | حالة الفقد | مصدر التصنيف او خطة الترفيف | حالة تلف | ليس للاعارة | مجموعات كوها | المكان الدائم | المكان الحالي | موقع الترفيف | تاريخ الاكتساب | Source of acquisition | سعر الشراء الطبيعي | تعداد مسلسل / التسلسل الزمني | رقم الاستدعاء | الباركود | Date last seen | التكلفة | نوع الوعاء |
|---|---|---|---|---|---|---|---|---|---|---|---|---|---|---|---|---|---|
| Dewey Decimal Classification | العبيكان | Central Library | Central Library | Second Floor | 25/05/2017 | Purchase | 170.00 | 175535 | 973.931092 و و د | 000041904 | 15/07/2025 | 213.00 | Book - Borrowing |